महामिलन : (Record no. 114522)

MARC details
000 -LEADER
fixed length control field 01077nam a22002777a 4500
003 - CONTROL NUMBER IDENTIFIER
control field 0
005 - DATE AND TIME OF LATEST TRANSACTION
control field 20180713171706.0
008 - FIXED-LENGTH DATA ELEMENTS--GENERAL INFORMATION
fixed length control field 0
010 ## - LIBRARY OF CONGRESS CONTROL NUMBER
LC control number A-830043
020 ## - INTERNATIONAL STANDARD BOOK NUMBER
Terms of availability 100.00
035 ## - SYSTEM CONTROL NUMBER
System control number A-830043,A-830055
037 ## - SOURCE OF ACQUISITION
Source of stock number/acquisition Cen Lib/Ret
040 ## - CATALOGING SOURCE
Original cataloging agency DPL
Language of cataloging HN
Transcribing agency 0
082 ## - DEWEY DECIMAL CLASSIFICATION NUMBER
Classification number
Item number थम्मन
100 ## - MAIN ENTRY--PERSONAL NAME
Personal name थम्मन सिंह "सरस'
9 (RLIN) 51202
245 ## - TITLE STATEMENT
Title महामिलन :
Statement of responsibility, etc थम्मन सिंह 'सरस'
Remainder of title उपन्यास /
246 ## - VARYING FORM OF TITLE
Title proper/short title Mahamillan : upanyas /
Remainder of title by Thamman Singh 'Saras'
260 ## - PUBLICATION, DISTRIBUTION, ETC. (IMPRINT)
Place of publication, distribution, etc दिल्ली
Name of publisher, distributor, etc राजभाषा प्रकाशन
Date of publication, distribution, etc 1997
270 ## - ADDRESS
City दिल्ली
Address 518/6बी, विश्वासनगर, शाहदरा
Postal code 110032
300 ## - PHYSICAL DESCRIPTION
Extent 143पृ.
Dimensions 20मी(सजिल्द)
650 ## - SUBJECT ADDED ENTRY--TOPICAL TERM
Topical term or geographic name as entry element हिन्दी साहित्य
9 (RLIN) 57153
650 ## - SUBJECT ADDED ENTRY--TOPICAL TERM
Topical term or geographic name as entry element हिन्दी साहित्य -- उपन्यास
9 (RLIN) 46379
650 ## - SUBJECT ADDED ENTRY--TOPICAL TERM
Topical term or geographic name as entry element Hindi literature
9 (RLIN) 57154
650 ## - SUBJECT ADDED ENTRY--TOPICAL TERM
Topical term or geographic name as entry element Hindi literature -- Fiction
9 (RLIN) 57155
942 ## - ADDED ENTRY ELEMENTS (KOHA)
Source of classification or shelving scheme Dewey Decimal Classification
Koha item type Hindi Books
Classification part
Call number suffix थम्मन
Holdings
Withdrawn status Lost status Damaged status Not for loan Home library Current library Date acquired Source of acquisition Cost, normal purchase price Total Checkouts Full call number Barcode Date last seen Copy number Cost, replacement price Price effective from Koha item type Public note Source of classification or shelving scheme Collection code Shelving location
Written off       Central Library Central Library 18/08/2015 Cen Lib/Ret 100.00   उ थम्मन A-830043 18/08/2015 1 100.00 18/08/2015 Hindi Books Written off on approval by DLB (By Circulation); dtd 15-06-2023      
        Patel Nagar Patel Nagar 13/07/2018 BPPD/PUB 100.00   उ थम्मन A-830055 13/07/2018   100.00 13/07/2018 Hindi Books   Dewey Decimal Classification Fiction General Stacks

© Delhi Public Library
Hit Counter
free hit counter